Cost and management accounting. / (Record no. 9306)
[ view plain ]
| 000 -LEADER | |
|---|---|
| fixed length control field | 01394nam a22002297a 4500 |
| 003 - CONTROL NUMBER IDENTIFIER | |
| control field | OSt |
| 005 - DATE AND TIME OF LATEST TRANSACTION | |
| control field | 20221114122853.0 |
| 008 - FIXED-LENGTH DATA ELEMENTS--GENERAL INFORMATION | |
| fixed length control field | 120611t xxu||||| |||| 00| 0 eng d |
| 020 ## - INTERNATIONAL STANDARD BOOK NUMBER | |
| International Standard Book Number | 9781408093887 |
| 040 ## - CATALOGING SOURCE | |
| Transcribing agency | LC |
| 050 ## - LIBRARY OF CONGRESS CALL NUMBER | |
| Classification number | HF5657.4.D78 |
| 100 ## - MAIN ENTRY--PERSONAL NAME | |
| Personal name | Drury, Colin |
| 9 (RLIN) | 701 |
| 245 ## - TITLE STATEMENT | |
| Title | Cost and management accounting. / |
| Statement of responsibility, etc. | Colin Drury. |
| 250 ## - EDITION STATEMENT | |
| Edition statement | 8th ed. |
| 260 ## - PUBLICATION, DISTRIBUTION, ETC. | |
| Place of publication, distribution, etc. | New York: |
| Name of publisher, distributor, etc. | Cengage Learning, |
| Date of publication, distribution, etc. | 2015. |
| 300 ## - PHYSICAL DESCRIPTION | |
| Extent | xxv, 512 p. |
| Other physical details | ill. (col.) |
| 500 ## - GENERAL NOTE | |
| General note | Includes index. |
| 505 ## - FORMATTED CONTENTS NOTE | |
| Formatted contents note | Contents: Introduction to management and cost accounting: Introduction to management accounting -- An introduction to cost terms and concepts -- Cost accumulation for inventory valuation and profit measurement: Accounting for direct costs -- Cost assignment for indirect costs -- Accounting entries for a job-order costing system -- Process costing -- Joint and by-product costing -- Income effects of alternative cost accumulation systems -- Information for decision-making: Cost-volume-profit analysis -- Cost estimation and cost behavior -- Measuring relevant costs and revenues for decision-making -- Activity-based costing -- Information for planning, control and performance measurement: The budgeting process -- Management control systems -- Standard costing and variance analysis -- <br/> |
| 650 ## - SUBJECT ADDED ENTRY--TOPICAL TERM | |
| Topical term following geographic name entry element | Cost accounting. |
| 9 (RLIN) | 702 |
| 650 ## - SUBJECT ADDED ENTRY--TOPICAL TERM | |
| Topical term following geographic name entry element | Managerial accounting. |
| 9 (RLIN) | 39 |
| 942 ## - ADDED ENTRY ELEMENTS (KOHA) | |
| Source of classification or shelving scheme | Library of Congress Classification |
| Koha item type | Books |
| Withdrawn status | Lost status | Source of classification or shelving scheme | Damaged status | Not for loan | Home library | Current library | Shelving location | Date acquired | Total Checkouts | Full call number | Barcode | Date last seen | Copy number | Price effective from | Koha item type |
|---|---|---|---|---|---|---|---|---|---|---|---|---|---|---|---|
| Library of Congress Classification | WISCONSIN INTERNATIONAL UNIVERSITY COLLEGE, GHANA KUMASI LIBRARY | WISCONSIN INTERNATIONAL UNIVERSITY COLLEGE, GHANA KUMASI LIBRARY | General Stacks | 31/10/2019 | HF5657.4.D78(8e) | K/1040/1040/19 | 14/11/2022 | 1 | 14/11/2022 | Books | |||||
| Library of Congress Classification | WISCONSIN INTERNATIONAL UNIVERSITY COLLEGE, GHANA KUMASI LIBRARY | WISCONSIN INTERNATIONAL UNIVERSITY COLLEGE, GHANA KUMASI LIBRARY | General Stacks | 31/10/2019 | HF5657.4.D781(8e) | K/1041/1041/19 | 14/11/2022 | 2 | 14/11/2022 | Books | |||||
| Library of Congress Classification | WISCONSIN INTERNATIONAL UNIVERSITY COLLEGE, GHANA KUMASI LIBRARY | WISCONSIN INTERNATIONAL UNIVERSITY COLLEGE, GHANA KUMASI LIBRARY | General Stacks | 31/10/2019 | HF5657.4.D782(8e) | K/1042/1042/19 | 14/11/2022 | 3 | 14/11/2022 | Books | |||||
| Library of Congress Classification | WISCONSIN INTERNATIONAL UNIVERSITY COLLEGE, GHANA KUMASI LIBRARY | WISCONSIN INTERNATIONAL UNIVERSITY COLLEGE, GHANA KUMASI LIBRARY | General Stacks | 31/10/2019 | HF5657.4.D783(8e) | K/1140/1140/19 | 14/11/2022 | 4 | 14/11/2022 | Books | |||||
| Library of Congress Classification | WISCONSIN INTERNATIONAL UNIVERSITY COLLEGE, GHANA KUMASI LIBRARY | WISCONSIN INTERNATIONAL UNIVERSITY COLLEGE, GHANA KUMASI LIBRARY | General Stacks | 01/11/2019 | HF5657.4.D784(8e) | K/1151/1151/19 | 14/11/2022 | 5 | 14/11/2022 | Books |
